000 00637nam a22002057a 4500
005 20251108165419.0
008 250721s1987 xx 000 0 ara d
082 1 4 _a944.04/بار
100 1 _aتاناهيل، راي
_eمحرر
245 1 0 _aباريس في سنوات الثورة /
264 1 _aالقاهره :
_bالزهراء للإعلام العربي،
_c1987.
300 _a237ص
490 0 _aألف كتاب و كتاب
650 1 7 _aفرنسا
650 1 7 _aتاريخ فرنسا
650 1 7 _aالثورة الفرنسية
700 1 _aعثمان، إلهام
_eترجمة
942 _2ddc
_cBK
999 _c27326
_d27326